|
|
|
|
| LEADER |
02984nam a22004217a 4500 |
| 001 |
32798 |
| 003 |
BD-DhAAL |
| 005 |
20211207121418.0 |
| 008 |
180307t2018 xxka b 001 0 eng d |
| 999 |
|
|
|c 39147
|d 39147
|
| 020 |
|
|
|a 9783319638379
|
| 020 |
|
|
|a 9783319638386
|
| 040 |
|
|
|a BD-DhAAL
|
| 082 |
|
|
|a 330.95492
|
| 245 |
1 |
0 |
|a Economic and social development of Bangladesh :
|b miracle and challenges /
|c edited by Yasuyuki Sawada, Minhaj Mahmud and Naohiro Kitano
|
| 246 |
|
|
|a Economic and social development of Bangladesh
|
| 260 |
|
|
|a Basingstoke :
|b Palgrave Macmillan,
|c c2018
|
| 300 |
|
|
|a xxxix, 311 pages :
|b illustrations ;
|c 22 cm.
|
| 504 |
|
|
|a Includes bibliographical references and index.
|
| 526 |
|
|
|a BIGD
ESS
|
| 541 |
|
|
|a Trim Education
|e 32798, 32799, 33161, 33162, 33166, 33167, 33168, 33169, 33170.
|
| 650 |
|
|
|a Economics.
|9 43513
|
| 651 |
|
|
|a Bangladesh
|x Economic condition.
|9 25067
|
| 651 |
|
|
|a Bangladesh
|x Social conditions.
|9 25068
|
| 700 |
|
|
|a Sawada, Yasuyuki
|9 25069
|
| 700 |
|
|
|a Mahmud, Minhaj
|9 25070
|
| 700 |
|
|
|a Kitano, Naohiro
|9 25071
|
| 852 |
|
|
|a Ayesha Abed Library
|c General Stacks
|
| 942 |
|
|
|2 ddc
|c BK
|
| 952 |
|
|
|0 0
|1 0
|2 ddc
|4 0
|6 330_954920000000000_ECO
|7 0
|9 62769
|a IGS
|b IGS
|c GEN
|d 2018-03-05
|e Trim Education
|g 11390.00
|l 0
|o 330.95492 ECO
|p 3010032798
|r 2018-03-05
|t 1
|v 11390.00
|w 2018-03-05
|y BK
|
| 952 |
|
|
|0 0
|1 0
|2 ddc
|4 0
|6 330_954920000000000_ECO
|7 0
|9 62770
|a IGS
|b IGS
|c GEN
|d 2018-03-05
|e Trim Education
|g 11390.00
|l 0
|o 330.95492 ECO
|p 3010032799
|r 2018-03-05
|t 2
|v 11390.00
|w 2018-03-05
|y BK
|
| 952 |
|
|
|0 0
|1 0
|2 ddc
|4 0
|6 330_954920000000000_ECO
|7 0
|9 63380
|a BRACUL
|b BRACUL
|c GEN
|d 2018-05-24
|e Trim Education
|g 11390.00
|l 2
|m 44
|o 330.95492 ECO
|p 3010033161
|r 2026-05-19
|s 2026-02-03
|t 1
|v 11390.00
|w 2018-05-24
|y BK
|
| 952 |
|
|
|0 0
|1 0
|2 ddc
|4 0
|6 330_954920000000000_ECO
|7 0
|9 63381
|a BRACUL
|b BRACUL
|c GEN
|d 2018-05-24
|e Trim Education
|g 11390.00
|l 0
|o 330.95492 ECO
|p 3010033162
|r 2018-05-24
|t 2
|v 11390.00
|w 2018-05-24
|y BK
|
| 952 |
|
|
|0 0
|1 0
|2 ddc
|4 0
|6 330_954920000000000_ECO
|7 0
|9 63385
|a BRACUL
|b BRACUL
|c GEN
|d 2018-05-24
|e Trim Education
|g 12336.00
|l 2
|m 19
|o 330.95492 ECO
|p 3010033166
|r 2026-04-05
|s 2026-02-03
|t 3
|v 12336.00
|w 2018-05-24
|y BK
|
| 952 |
|
|
|0 0
|1 0
|2 ddc
|4 0
|6 330_954920000000000_ECO
|7 0
|9 63386
|a BRACUL
|b BRACUL
|c GEN
|d 2018-05-24
|e Trim Education
|g 12336.00
|l 2
|m 31
|o 330.95492 ECO
|p 3010033167
|r 2025-07-21
|s 2024-11-07
|t 4
|v 12336.00
|w 2018-05-24
|y BK
|
| 952 |
|
|
|0 0
|1 0
|2 ddc
|4 0
|6 330_954920000000000_ECO
|7 0
|9 63387
|a BRACUL
|b BRACUL
|c GEN
|d 2018-05-24
|e Trim Education
|g 12336.00
|l 2
|m 12
|o 330.95492 ECO
|p 3010033168
|r 2026-03-08
|s 2026-02-03
|t 5
|v 12336.00
|w 2018-05-24
|y BK
|
| 952 |
|
|
|0 0
|1 0
|2 ddc
|4 0
|6 330_954920000000000_ECO
|7 0
|9 63388
|a BRACUL
|b BRACUL
|c GEN
|d 2018-05-24
|e Trim Education
|g 12336.00
|l 1
|m 11
|o 330.95492 ECO
|p 3010033169
|q 2026-05-21
|r 2026-02-03
|s 2026-02-03
|t 6
|v 12336.00
|w 2018-05-24
|y BK
|
| 952 |
|
|
|0 0
|1 0
|2 ddc
|4 0
|6 330_954920000000000_ECO
|7 0
|9 63389
|a BRACUL
|b BRACUL
|c GEN
|d 2018-05-24
|e Trim Education
|g 12336.00
|l 2
|m 6
|o 330.95492 ECO
|p 3010033170
|r 2025-03-23
|s 2025-02-09
|t 7
|v 12336.00
|w 2018-05-24
|y BK
|